| 000 | 01977nam0a2200421 4500 | ||
|---|---|---|---|
| 001 | RU\NLR\BIBL_A\022355393 | ||
| 005 | 20250708133935.0 | ||
| 010 |
_a978-5-6050875-8-8 _9500 |
||
| 021 |
_aRU _bКН-П-24-052693 _9КН-П-24-5242 |
||
| 035 | _a(NLR Aleph) 022355393 | ||
| 090 |
_a13449772 _c13449772 |
||
| 100 | _a20241017d2024 k y0rusy50 ca | ||
| 101 | 0 | _arus | |
| 102 | _aRU | ||
| 105 | _ay z 000zd | ||
| 181 | 0 |
_ai4 _baxxe |
|
| 182 | 0 | _an | |
| 200 | 1 |
_aКузнецов против абвера _fАнатолий Терещенко |
|
| 203 |
_aТекст _bвизуальный _cнепосредственный |
||
| 210 |
_aМосква _cАргументы недели _d2024 |
||
| 215 |
_a319 с. _d21 |
||
| 225 | 1 | _aМир шпионажа | |
| 300 | _aНа 4-й с. обл. авт.: Терещенко А. С. - полк. в отставке | ||
| 320 | _aБиблиогр.: с. 316-318 (31 назв.) | ||
| 320 | _aДр. кн. авт. на 4-й с. обл. | ||
| 333 | _a16+ | ||
| 600 | 1 |
_aКузнецов _bН.И. _f1911 - 1944 _gНиколай Иванович _91224858 _3RU\NLR\AUTH\66180615 |
|
| 686 | 1 | _aЦ35(2)722-68-243дКузнецов | |
| 700 | 1 |
_7ca _8rus _aТерещенко _bА. С. _f1940- _gАнатолий Степанович _9151500 _3RU\NLR\AUTH\770151538 |
|
| 702 | 1 |
_4280 _7ca _8rus _aКузнецов _bН. И. _cразведчик _f1911-1944 _gНиколай Иванович _986855 _3RU\NLR\AUTH\77103930 |
|
| 712 | 0 | 2 |
_4570 _aГермания _bВерховное главнокомандование вооруженными силами _bУправление разведки и контрразведки _9544683 _3RU\NLR\AUTH\8810023338 |
| 712 | 0 | 2 |
_4570 _a"Победители", отряд специального назначения _92643371 _3RU\NLR\AUTH\880617537 |
| 942 | _cBOOK | ||
| 980 | _aNB | ||
| 980 | _aNB | ||